Catalog

Record Details

Catalog Search



Masaryk a Svatá země  Cover Image Book Book

Masaryk a Svatá země / Robert Řehák, Jiří Čistecký

Record details

  • Physical Description: 28 stran
  • Publisher: [Praha : Velvyslanectví Státu Izrael v České republice, 2017]
Subject: Masaryk, Tomáš Garyk (Garrigue), 1850-1937
dějiny Československa
Izrael

Available copies

  • 1 of 1 copy available at Common Catalog SPOK.

Holds

  • 0 current holds with 1 total copy.
Show Only Available Copies
Location Call Number / Copy Notes Barcode Shelving Location Status Due Date
The Jewish community of Prague J 2056 4638302312 J - Judaika Available -

LDR 00994nam a2200301 i 4500
00154299
003CZ-PrJAB
00520210104210056.0
008181008s2017 xr |||||||||||||| ||cze d
035 . ‡a(CZ PrSKC)016810000136225
040 . ‡aZLE302 ‡bcze ‡erda
0410 . ‡acze ‡beng ‡gheb
072 7. ‡a26 ‡xJudaismus ‡2Konspekt ‡95
072 7. ‡a94(437) ‡xDějiny Česka a Slovenska ‡2Konspekt ‡98
1001 . ‡aŘehák, Robert, ‡d1973- ‡7kpwa3568 ‡4aut
24510. ‡aMasaryk a Svatá země / ‡cRobert Řehák, Jiří Čistecký
264 1. ‡a[Praha : ‡bVelvyslanectví Státu Izrael v České republice, ‡c2017]
300 . ‡a28 stran
336 . ‡atext ‡btxt ‡2rdacontent
337 . ‡abez média ‡bn ‡2rdamedia
338 . ‡asvazek ‡bnc ‡2rdacarrier
60014. ‡aMasaryk, Tomáš Garyk (Garrigue), ‡d1850-1937
65004. ‡adějiny Československa
651 7. ‡aIzrael ‡7ge129403 ‡2czenas
7001 . ‡aČistecký, Jiří ‡4aut
910 . ‡aABE461 ‡bJ 2056
995 . ‡aska
901 . ‡a54299 ‡bAUTOGEN ‡c54299 ‡tbiblio

Additional Resources